000 00722nam a2200193 i 4500
001 74409
003 ES-MaACL
005 20230906172125.0
007 t|
008 040917s1964 sp ||||1| spa d
100 1 _aGonzález Ollé, Fernando.
_958846
245 1 3 _aEl habla de la Bureba
_b: introducción al castellano actual de Burgos /
_cFernando González Olle.
260 _aMadrid :
_bConsejo Superior de Investigaciones Científicas, Instituto Miguel de Cervantes,
_c1964.
300 _a258 p. :
_bil. ;
_c26 cm.
490 1 _aRevista de Filología española. Anejo ;
_v78
830 0 _aRevista de Filología española. Anejo ;
_v78
_9182615
852 _aES-MaACL
_jC-27319
_bR.56194
999 _c74409
_d74409